000
00304nam a2200097Ia 4500
082
_a
R 706 SOUT
245
0
_a
The South African art information directory 2006
100
_a
Global Art Information (South Africa) Cape Town, 2005
_9
75114
942
_c
BK
008
210817s9999 xx 000 0 und d
999
_c
248192
_d
248191